| 000 | 01286nam a2200301 4500 | ||
|---|---|---|---|
| 001 | 0000021463 | ||
| 003 | CO-CtgCURN | ||
| 005 | 20250506214843.0 | ||
| 007 | ta | ||
| 008 | 160627s1999 000 0 eng d | ||
| 020 | _a950679264X | ||
| 040 |
_aCO-CtgCURN _bspa _ccoctgcurn |
||
| 082 | 0 |
_a323.445 _bP43d |
|
| 100 | 1 | _aPierini, Alicia. | |
| 245 | 1 | 0 |
_aDerecho de acceso a la informacion : _bpor una democracia con efectivo control cuidadano Acción de amparo / _cAlicia Pierini y Valentin Lorences. |
| 260 |
_aBuenos Aires : _bEditorial Universidad, _c1999. |
||
| 300 | _a244 p. | ||
| 336 | _2rdacontent | ||
| 337 |
_2rdamedia _asin mediacion _bn |
||
| 338 |
_2rdacarrier _avolumen _bnc |
||
| 505 | 8 | _aIntroducción al libre acceso a la informacion.--El acceso a la informacion en la constitucion nacional y en proyectos legislativos.--El acceso a la informacion en la constitucion de la ciudad autonoma de Buenos Aires.--Acción de amparo.--Análisis final del derecho de acceso a la informacion | |
| 650 | 1 | 4 | _aLibertad (Derecho) |
| 700 | 1 | _aLorences, Valentin. | |
| 710 | 2 | _aInstituto de Promocion de Estudios en Derechos Humanos. | |
| 908 | _a160627 | ||
| 942 |
_cBK _h323.445 _iP43d _2ddc _n0 |
||
| 999 |
_c18078 _d18078 |
||